000 00434nam a22001697a 4500
003 NUST - PNEC
005 20170116180956.0
008 150911b xxu||||| |||| 00| 0 eng d
020 _a8170292492
040 _cLIBRARY
082 _a004.65 TAY
100 _99265
_a Taylor, Ed
245 _aIntegrating TCP/IP into SNA
_cEd Taylor
260 _c1994
650 _99266
_aSNA (Computer network architecture)
_xMIS
942 _2ddc
_cBK
999 _c66549
_d66549